00650nam a2200169Ia 4500008004100000100001500041245022100056260001100277300002200288440003500310521001000345650002300355650002900378650002300407650002000430650003000450140626s9999 xx 000 0 und d aSeeley, J. 4aThe modeling of internalizing disorders on the basis of patterns of lifetime comorbidity :bassociations with psychosocial functioning and psychiatric disorders among first-degree relatives /cJ. Seeley ... [et al.]. cc2011. a120 : 2, page 308 aJournal of Abnormal Psychology aPSYCH aAnxiety disorders. aInternalizing disorders. aMeasurement model. aMood disorders. aPsychosocial functioning.